Normal view
MARC view
- Vineet Rakesh
Entry Personal Name
001 - CONTROL NUMBER
- control field: 2586
003 - CONTROL NUMBER IDENTIFIER
- control field: NUST
005 - DATE AND TIME OF LATEST TRANSACTION
- control field: 20170613140505.0
008 - FIXED-LENGTH DATA ELEMENTS
- fixed length control field: 170613|| aca||aabn | a|a d
040 ## - CATALOGING SOURCE
- Original cataloging agency: NUST
- Transcribing agency: NUST
100 ## - HEADING--PERSONAL NAME
- Personal name: Vineet Rakesh
670 ## - SOURCE DATA FOUND
- Source citation: Work cat.: (NUST)23835: Vineet Rakesh, An Introduction to Modeling Of Transport Processes Application to Biomedical Systems, c2010
